Welcome to CU Library Online Public Access Catalogue (OPAC)

FOUNDATIONS OF BUSINESS COMMUNICATION (Record no. 8893)

MARC details
000 -LEADER
fixed length control field 00403nam a2200157 4500
005 - DATE AND TIME OF LATEST TRANSACTION
control field 20260305132546.0
008 - FIXED-LENGTH DATA ELEMENTS--GENERAL INFORMATION
fixed length control field CU66
020 ## - INTERNATIONAL STANDARD BOOK NUMBER
International Standard Book Number 0071116824
050 ## - LIBRARY OF CONGRESS CALL NUMBER
Classification number HF 5718.7Y68 YOU
100 ## - MAIN ENTRY--PERSONAL NAME
Personal name YOUNG DONA J.
245 ## - TITLE STATEMENT
Title FOUNDATIONS OF BUSINESS COMMUNICATION
Remainder of title AN INTEGRATIVE APPROACH
260 ## - PUBLICATION, DISTRIBUTION, ETC.
Place of publication, distribution, etc. BOSTON
Name of publisher, distributor, etc. McGRAW HILL
Date of publication, distribution, etc. 2006
300 ## - PHYSICAL DESCRIPTION
Extent XXIX,538p.,ILLUS.
500 ## - GENERAL NOTE
General note GLOSSARY,INDEX
942 ## - ADDED ENTRY ELEMENTS (KOHA)
Source of classification or shelving scheme Library of Congress Classification
Koha item type Books
Suppress in OPAC No
999 ## -
-- 8893
-- 8893
Holdings
Withdrawn status Lost status Source of classification or shelving scheme Damaged status Not for loan Home library Current library Shelving location Date acquired Total checkouts Full call number Barcode Date last seen Price effective from Koha item type
    Library of Congress Classification     Graduate Library (Christ Temple) Graduate Library (Christ Temple) General stacks 03/05/2026   HF 5718.Y68 YOU gsct00003009 03/05/2026 03/05/2026 Books
    Library of Congress Classification     Graduate Library (Christ Temple) Graduate Library (Christ Temple) General stacks 03/05/2026   HF 5718.Y68 YOU gsct00003010 03/05/2026 03/05/2026 Books
    Library of Congress Classification     Graduate Library (Christ Temple) Graduate Library (Christ Temple) General stacks 03/05/2026   HF 5718.Y68 YOU gsct00003011 03/05/2026 03/05/2026 Books
    Library of Congress Classification     Graduate Library (Christ Temple) Graduate Library (Christ Temple) General stacks 03/05/2026   HF 5718.Y68 YOU gsct00003012 03/05/2026 03/05/2026 Books
    Library of Congress Classification     Graduate Library (Christ Temple) Graduate Library (Christ Temple) General stacks 03/05/2026   HF 5718.Y68 YOU gsct00003013 03/05/2026 03/05/2026 Books
© 2023-2024 Copyright: Central University Libraries. All Rights Reserved | Created by: Mahone Tech Office